| 000 | 01221njm a22002897a 4500 | ||
|---|---|---|---|
| 005 | 2010090903563.0 | ||
| 007 | sd ammalaaahaa | ||
| 008 | 100901t xxu||||| |||| 00| 0 hin d | ||
| 028 |
_aN. 5777 _bHis Master's Voice |
||
| 028 | _bHis Master's Voice | ||
| 035 | _aGR-03298 | ||
| 040 | _aSED/VEN | ||
| 100 |
_917815 _aChitramandir, Shri Lokenath |
||
| 245 |
_aBemisal / _cby Lokenath Chitramandir ; music by R.D Burman ; lyrics Anand bakshi _h[sound recording] : |
||
| 246 | _aबेमिसाल/लोकेनाथ चित्रामन्दिर द्वारा | ||
| 260 |
_aDum Dum, India _bHis Master's Voice _c1966 |
||
| 300 |
_a1 sound disc : _banalog, 33 1/3 rpm _c10 in. |
||
| 500 | G | _aBrief record | |
| 505 | _aSide-1 ऐ ऋ पवन (Ae ri pawan), Side-2 कितनी ख़ूबसूरत ये तस्वीर है(Kitni hubsurat ye tasvir hai) (Lata mangeshkar) | ||
| 650 |
_aClassical music _xExcerpts _zIndia _917813 |
||
| 700 |
_918219 _aBurman, Rahul Dev |
||
| 700 |
_918220 _aBakshi, Anand |
||
| 700 | _919143 | ||
| 710 | _919101 | ||
| 942 |
_2ddc _cGR |
||
| 999 |
_c46358 _d46358 |
||